[Event "Masters Tournament (MTO)"]
[Site "Biel, CH"]
[Date "2025.07.22"]
[Round "8"]
[White "Jordan, Christina"]
[Black "Oestmann, Lukas"]
[Result "1/2-1/2"]
[Board "48"]
[WhiteFideId "1347977"]
[BlackFideId "1326457"]
[WhiteElo "1943"]
[BlackElo "2007"]
[WhiteTeam "SUI"]
[BlackTeam "SUI"]
[WhiteClock "0:02:58"]
[BlackClock "0:10:26"]
[Variant "Standard"]

1. e4 {[%clk 1:40:56]}  c6 {[%clk 1:40:48]} 2. Nc3 {[%clk 1:41:00]}  d5 {[%clk 1:41:15]} 3. Nf3 {[%clk 1:41:20]}  Bg4 {[%clk 1:41:42]} 4. h3 {[%clk 1:41:27]}  Bxf3 {[%clk 1:41:56]} 5. Qxf3 {[%clk 1:41:50]}  e6 {[%clk 1:42:23]} 6. d3 {[%clk 1:41:49]}  Nf6 {[%clk 1:42:19]} 7. Be2 {[%clk 1:41:04]}  Nbd7 {[%clk 1:42:00]} 8. O-O {[%clk 1:39:22]}  Bd6 {[%clk 1:39:56]} 9. Re1 {[%clk 1:31:53]}  d4 {[%clk 1:30:54]} 10. Nb1 {[%clk 1:31:06]}  Qc7 {[%clk 1:30:26]} 11. g3 {[%clk 1:26:25]}  O-O-O {[%clk 1:23:15]} 12. c3 {[%clk 1:22:37]}  Bc5 {[%clk 1:18:06]} 13. b4 {[%clk 1:19:10]}  Bb6 {[%clk 1:12:29]} 14. c4 {[%clk 1:15:49]}  c5 {[%clk 1:11:24]} 15. a3 {[%clk 1:09:57]}  Rdg8 {[%clk 1:08:55]} 16. Bf1 {[%clk 1:03:26]}  Ne5 {[%clk 1:01:02]} 17. Qg2 {[%clk 0:57:11]}  g5 {[%clk 0:59:09]} 18. Be2 {[%clk 0:56:20]}  Rg7 {[%clk 0:55:01]} 19. Bd2 {[%clk 0:54:04]}  Rhg8 {[%clk 0:52:51]} 20. Rd1 {[%clk 0:51:57]}  Nfd7 {[%clk 0:48:18]} 21. b5 {[%clk 0:44:51]}  f5 {[%clk 0:41:41]} 22. exf5 {[%clk 0:40:24]}  exf5 {[%clk 0:42:05]} 23. a4 {[%clk 0:40:19]}  Qb8 {[%clk 0:30:01]} 24. a5 {[%clk 0:34:09]}  Bd8 {[%clk 0:30:22]} 25. Bc1 {[%clk 0:28:57]}  h5 {[%clk 0:29:56]} 26. Nd2 {[%clk 0:25:36]}  f4 {[%clk 0:27:18]} 27. Ne4 {[%clk 0:19:57]}  Be7 {[%clk 0:23:22]} 28. Bxh5 {[%clk 0:16:46]}  Rh8 {[%clk 0:21:32]} 29. gxf4 {[%clk 0:07:08]}  Rxh5 {[%clk 0:19:35]} 30. fxe5 {[%clk 0:07:33]}  Rgh7 {[%clk 0:16:28]} 31. Ba3 {[%clk 0:05:14]}  Rxh3 {[%clk 0:14:23]} 32. Kf1 {[%clk 0:04:58]}  Qxe5 {[%clk 0:12:43]} 33. Ke2 {[%clk 0:04:03]}  Rh2 {[%clk 0:09:41]} 34. Qg3 {[%clk 0:03:15]}  Qxg3 {[%clk 0:07:16]} 35. Nxg3 {[%clk 0:03:41]}  Rf7 {[%clk 0:07:13]} 36. Ne4 {[%clk 0:03:22]}  Rfh7 {[%clk 0:05:24]} 37. Rg1 {[%clk 0:03:00]}  R7h5 {[%clk 0:04:51]} 38. Bc1 {[%clk 0:02:30]}  Ne5 {[%clk 0:03:05]} 39. Bxg5 {[%clk 0:01:31]}  Bxg5 {[%clk 0:02:26]} 40. Rxg5 {[%clk 0:01:33]}  Rxg5 {[%clk 0:01:53]} 41. Nxg5 {[%clk 0:01:58]}  b6 {[%clk 0:29:11]} 42. axb6 {[%clk 0:31:33]}  axb6 {[%clk 0:29:12]} 43. Nf3 {[%clk 0:32:02]}  Nxf3 {[%clk 0:29:22]} 44. Kxf3 {[%clk 0:32:29]}  Rh3+ {[%clk 0:29:14]} 45. Ke4 {[%clk 0:28:46]}  Kb7 {[%clk 0:28:55]} 46. Rd1 {[%clk 0:24:40]}  Kc7 {[%clk 0:25:40]} 47. Rg1 {[%clk 0:22:51]}  Rh4+ {[%clk 0:23:26]} 48. Kf3 {[%clk 0:21:32]}  Rh6 {[%clk 0:22:41]} 49. Rg7+ {[%clk 0:19:42]}  Kd6 {[%clk 0:22:06]} 50. Rb7 {[%clk 0:11:49]}  Ke5 {[%clk 0:22:02]} 51. Rc7 {[%clk 0:11:41]}  Rf6+ {[%clk 0:16:41]} 52. Ke2 {[%clk 0:11:00]}  Re6 {[%clk 0:15:39]} 53. Rc6 {[%clk 0:04:28]}  Rxc6 {[%clk 0:15:55]} 54. bxc6 {[%clk 0:04:53]}  Kd6 {[%clk 0:16:22]} 55. Kf3 {[%clk 0:03:47]}  Kxc6 {[%clk 0:16:43]} 56. Ke4 {[%clk 0:02:48]}  b5 {[%clk 0:11:49]} 57. cxb5+ {[%clk 0:03:13]}  Kxb5 {[%clk 0:12:13]} 58. f4 {[%clk 0:03:15]}  Kc6 {[%clk 0:09:58]} 59. Ke5 {[%clk 0:01:50]}  c4 {[%clk 0:09:36]} 60. Kxd4 {[%clk 0:02:09]}  cxd3 {[%clk 0:10:01]} 61. Kxd3 {[%clk 0:02:36]}  Kd5 {[%clk 0:10:26]} 62. Ke3 {[%clk 0:02:58]} 1/2-1/2

[Event "Masters Tournament (MTO)"]
[Site "Biel, CH"]
[Date "2025.07.22"]
[Round "8"]
[White "Arulanantham, Aneet"]
[Black "von Burg, Carl Alexander"]
[Result "0-1"]
[Board "49"]
[WhiteFideId "1335189"]
[BlackFideId "1352458"]
[WhiteElo "1985"]
[BlackElo "1878"]
[WhiteTeam "SUI"]
[BlackTeam "SUI"]
[WhiteClock "0:25:51"]
[BlackClock "0:19:24"]
[Variant "Standard"]

1. c4 {[%clk 1:40:56]}  e5 {[%clk 1:40:42]} 2. Nc3 {[%clk 1:40:57]}  Nf6 {[%clk 1:40:44]} 3. g3 {[%clk 1:38:49]}  Bb4 {[%clk 1:40:01]} 4. Bg2 {[%clk 1:36:48]}  O-O {[%clk 1:37:36]} 5. Nf3 {[%clk 1:37:59]}  Re8 {[%clk 1:36:15]} 6. O-O {[%clk 1:34:26]}  e4 {[%clk 1:35:11]} 7. Nd4 {[%clk 1:33:01]}  Nc6 {[%clk 1:33:48]} 8. Nc2 {[%clk 1:36:29]}  Bf8 {[%clk 1:31:57]} 9. d4 {[%clk 1:35:30]}  exd3 {[%clk 1:28:18]} 10. exd3 {[%clk 1:32:19]}  h6 {[%clk 1:21:38]} 11. Be3 {[%clk 1:26:45]}  Ne7 {[%clk 1:16:54]} 12. d4 {[%clk 1:25:33]}  d5 {[%clk 1:15:53]} 13. c5 {[%clk 1:25:03]}  c6 {[%clk 1:12:42]} 14. Qd2 {[%clk 1:14:41]}  Bf5 {[%clk 1:09:06]} 15. f3 {[%clk 1:11:35]}  Qd7 {[%clk 1:05:58]} 16. Rfe1 {[%clk 0:56:21]}  a5 {[%clk 1:02:44]} 17. a3 {[%clk 0:46:30]}  Ng6 {[%clk 0:59:48]} 18. Bf2 {[%clk 0:41:41]}  Be7 {[%clk 0:50:29]} 19. Bf1 {[%clk 0:38:07]}  Nf8 {[%clk 0:46:00]} 20. Bd3 {[%clk 0:33:09]}  N6h7 {[%clk 0:38:05]} 21. h4 {[%clk 0:47:39]}  Bxd3 {[%clk 0:35:00]} 22. Qxd3 {[%clk 0:48:03]}  Ne6 {[%clk 0:33:49]} 23. Ne3 {[%clk 0:46:38]}  Bf6 {[%clk 0:33:04]} 24. Ng4 {[%clk 0:42:43]}  Qc7 {[%clk 0:29:30]} 25. b4 {[%clk 0:39:13]}  Bxd4 {[%clk 0:22:52]} 26. Bxd4 {[%clk 0:26:41]}  Qxg3+ {[%clk 0:23:08]} 27. Kf1 {[%clk 0:25:51]}  Nf4 {[%clk 0:19:24]} 0-1

[Event "Masters Tournament (MTO)"]
[Site "Biel, CH"]
[Date "2025.07.22"]
[Round "8"]
[White "Faraone, Ettore"]
[Black "Yu, Tianxiang Carlos"]
[Result "0-1"]
[Board "50"]
[WhiteFideId "1311484"]
[BlackFideId "39922723"]
[WhiteElo "1979"]
[BlackElo "1938"]
[WhiteTeam "SUI"]
[BlackTeam "USA"]
[WhiteClock "0:24:16"]
[BlackClock "0:11:20"]
[Variant "Standard"]

1. e4 {[%clk 1:39:36]}  c5 {[%clk 1:40:43]} 2. Nf3 {[%clk 1:40:00]}  d6 {[%clk 1:41:07]} 3. d4 {[%clk 1:40:17]}  cxd4 {[%clk 1:41:33]} 4. Nxd4 {[%clk 1:40:37]}  Nf6 {[%clk 1:41:58]} 5. Nc3 {[%clk 1:40:58]}  a6 {[%clk 1:42:23]} 6. Be2 {[%clk 1:36:37]}  e5 {[%clk 1:42:46]} 7. Nf3 {[%clk 1:35:44]}  Be7 {[%clk 1:42:42]} 8. a4 {[%clk 1:35:49]}  O-O {[%clk 1:42:27]} 9. O-O {[%clk 1:36:12]}  Qc7 {[%clk 1:40:36]} 10. h3 {[%clk 1:36:18]}  h6 {[%clk 1:38:05]} 11. Be3 {[%clk 1:36:31]}  Be6 {[%clk 1:36:39]} 12. a5 {[%clk 1:29:55]}  Rc8 {[%clk 1:20:55]} 13. Nd5 {[%clk 1:23:45]}  Nxd5 {[%clk 1:11:36]} 14. exd5 {[%clk 1:24:02]}  Bf5 {[%clk 1:11:36]} 15. c4 {[%clk 1:24:16]}  Nd7 {[%clk 1:10:04]} 16. b4 {[%clk 1:19:24]}  Bh7 {[%clk 1:06:04]} 17. Qb3 {[%clk 1:14:53]}  Kh8 {[%clk 1:03:20]} 18. Nd2 {[%clk 1:14:27]}  f5 {[%clk 0:51:45]} 19. g3 {[%clk 1:13:01]}  g5 {[%clk 0:44:05]} 20. f4 {[%clk 1:10:00]}  gxf4 {[%clk 0:38:16]} 21. gxf4 {[%clk 1:09:13]}  Rg8+ {[%clk 0:33:26]} 22. Kh2 {[%clk 1:09:01]}  Bh4 {[%clk 0:27:09]} 23. Rg1 {[%clk 1:06:24]}  exf4 {[%clk 0:15:52]} 24. Bxf4 {[%clk 1:04:46]}  Bg5 {[%clk 0:14:05]} 25. Qg3 {[%clk 0:58:12]}  Rae8 {[%clk 0:10:41]} 26. Bh5 {[%clk 0:51:55]}  Re5 {[%clk 0:08:58]} 27. Qf2 {[%clk 0:46:32]}  Nf6 {[%clk 0:08:17]} 28. Bd1 {[%clk 0:31:23]}  Bxf4+ {[%clk 0:05:40]} 29. Qxf4 {[%clk 0:31:41]}  Rxg1 {[%clk 0:06:06]} 30. Kxg1 {[%clk 0:31:58]}  Qg7+ {[%clk 0:06:19]} 31. Kf2 {[%clk 0:30:41]}  Ne4+ {[%clk 0:06:16]} 32. Kf1 {[%clk 0:26:20]}  Ng3+ {[%clk 0:05:40]} 33. Kf2 {[%clk 0:26:29]}  Nh1+ {[%clk 0:05:37]} 34. Kf1 {[%clk 0:26:42]}  Ng3+ {[%clk 0:05:27]} 35. Kf2 {[%clk 0:27:07]}  Ne4+ {[%clk 0:05:56]} 36. Kf1 {[%clk 0:27:23]}  Ng3+ {[%clk 0:03:10]} 37. Kf2 {[%clk 0:27:44]}  Nh1+ {[%clk 0:03:25]} 38. Kf1 {[%clk 0:28:07]}  Re8 {[%clk 0:03:26]} 39. Ra3 {[%clk 0:24:58]}  Rg8 {[%clk 0:03:54]} 40. Qh2 {[%clk 0:22:42]}  Ng3+ {[%clk 0:01:09]} 41. Qxg3 {[%clk 0:11:28]}  Qxg3 {[%clk 0:01:37]} 42. Rxg3 {[%clk 0:11:39]}  Rxg3 {[%clk 0:02:02]} 43. Bf3 {[%clk 0:12:03]}  f4 {[%clk 0:25:31]} 44. Bg4 {[%clk 0:41:03]}  Rc3 {[%clk 0:23:06]} 45. Be2 {[%clk 0:36:05]}  Bd3 {[%clk 0:19:52]} 46. c5 {[%clk 0:34:05]}  dxc5 {[%clk 0:18:13]} 47. d6 {[%clk 0:31:25]}  cxb4 {[%clk 0:15:22]} 48. Nf3 {[%clk 0:23:38]}  Bxe2+ {[%clk 0:12:13]} 49. Kxe2 {[%clk 0:23:58]}  Re3+ {[%clk 0:12:24]} 50. Kd2 {[%clk 0:24:19]}  Re6 {[%clk 0:12:06]} 51. Kc2 {[%clk 0:23:46]}  Rxd6 {[%clk 0:12:23]} 52. Ne5 {[%clk 0:24:12]}  Rd5 {[%clk 0:11:33]} 53. Ng6+ {[%clk 0:24:16]}  Kg7 {[%clk 0:11:20]} 0-1

[Event "Masters Tournament (MTO)"]
[Site "Biel, CH"]
[Date "2025.07.22"]
[Round "8"]
[White "Hoffmann, Alexander"]
[Black "Malli, Shiivesh Sunil"]
[Result "0-1"]
[Board "51"]
[WhiteFideId "16240219"]
[BlackFideId "1340409"]
[WhiteElo "1872"]
[BlackElo "1969"]
[WhiteTeam "GER"]
[BlackTeam "SUI"]
[WhiteClock "0:01:34"]
[BlackClock "0:08:15"]
[Variant "Standard"]

1. c4 {[%clk 1:40:58]}  c6 {[%clk 1:40:56]} 2. b3 {[%clk 1:38:22]}  d5 {[%clk 1:41:20]} 3. Bb2 {[%clk 1:35:41]}  Nf6 {[%clk 1:40:27]} 4. Nf3 {[%clk 1:35:50]}  h6 {[%clk 1:39:28]} 5. e3 {[%clk 1:33:37]}  Bf5 {[%clk 1:39:40]} 6. Be2 {[%clk 1:32:08]}  e6 {[%clk 1:40:05]} 7. d3 {[%clk 1:31:15]}  Be7 {[%clk 1:40:19]} 8. Nbd2 {[%clk 1:29:52]}  O-O {[%clk 1:39:57]} 9. O-O {[%clk 1:29:56]}  Nbd7 {[%clk 1:39:55]} 10. a3 {[%clk 1:25:59]}  Rc8 {[%clk 1:32:30]} 11. Re1 {[%clk 1:17:35]}  Re8 {[%clk 1:30:32]} 12. Bf1 {[%clk 1:15:28]}  Nc5 {[%clk 1:27:00]} 13. Qc2 {[%clk 1:13:21]}  dxc4 {[%clk 1:26:59]} 14. e4 {[%clk 1:06:25]}  cxd3 {[%clk 1:26:59]} 15. Qc3 {[%clk 1:04:42]}  Bh7 {[%clk 1:26:04]} 16. b4 {[%clk 0:46:28]}  Na4 {[%clk 1:26:01]} 17. Qb3 {[%clk 0:46:39]}  Nxb2 {[%clk 1:26:13]} 18. Qxb2 {[%clk 0:47:02]}  a6 {[%clk 1:10:33]} 19. Qb3 {[%clk 0:41:08]}  b5 {[%clk 1:04:07]} 20. Bxd3 {[%clk 0:38:08]}  c5 {[%clk 1:02:34]} 21. bxc5 {[%clk 0:37:59]}  Bxc5 {[%clk 1:02:42]} 22. a4 {[%clk 0:35:16]}  Qb6 {[%clk 1:00:22]} 23. Re2 {[%clk 0:35:00]}  Bd4 {[%clk 0:48:08]} 24. Rd1 {[%clk 0:25:33]}  Red8 {[%clk 0:41:54]} 25. Nb1 {[%clk 0:17:56]}  bxa4 {[%clk 0:33:13]} 26. Qxa4 {[%clk 0:15:39]}  Bc5 {[%clk 0:31:37]} 27. Ne5 {[%clk 0:12:27]}  Rd4 {[%clk 0:21:38]} 28. Qc2 {[%clk 0:10:25]}  Qd8 {[%clk 0:17:36]} 29. Nf3 {[%clk 0:08:41]}  Rd7 {[%clk 0:16:32]} 30. Qb3 {[%clk 0:07:33]}  Bxe4 {[%clk 0:14:38]} 31. Ne5 {[%clk 0:05:33]}  Rd5 {[%clk 0:13:50]} 32. Red2 {[%clk 0:05:48]}  Bxd3 {[%clk 0:13:17]} 33. Rxd3 {[%clk 0:05:48]}  Qb6 {[%clk 0:10:14]} 34. Qxb6 {[%clk 0:04:59]}  Bxb6 {[%clk 0:10:37]} 35. Rxd5 {[%clk 0:04:43]}  Nxd5 {[%clk 0:10:54]} 36. Nd2 {[%clk 0:04:28]}  Rc2 {[%clk 0:08:39]} 37. Nec4 {[%clk 0:04:38]}  Bc5 {[%clk 0:07:41]} 38. Ra1 {[%clk 0:02:53]}  Bb4 {[%clk 0:07:33]} 39. Rd1 {[%clk 0:02:28]}  Bxd2 {[%clk 0:07:55]} 40. Nxd2 {[%clk 0:01:34]}  Nc3 {[%clk 0:08:15]} 0-1

[Event "Masters Tournament (MTO)"]
[Site "Biel, CH"]
[Date "2025.07.22"]
[Round "8"]
[White "Schaffner, David"]
[Black "Hank, Holger"]
[Result "1-0"]
[Board "52"]
[WhiteFideId "1310607"]
[BlackFideId "4648242"]
[WhiteElo "1980"]
[BlackElo "1947"]
[WhiteTeam "SUI"]
[BlackTeam "GER"]
[WhiteClock "0:15:43"]
[BlackClock "0:20:52"]
[Variant "Standard"]

1. e4 {[%clk 1:40:55]}  e6 {[%clk 1:40:24]} 2. d4 {[%clk 1:41:17]}  d5 {[%clk 1:40:50]} 3. Nc3 {[%clk 1:41:23]}  h6 {[%clk 1:39:59]} 4. Nf3 {[%clk 1:32:45]}  Nf6 {[%clk 1:39:57]} 5. exd5 {[%clk 1:30:19]}  exd5 {[%clk 1:40:19]} 6. Be2 {[%clk 1:27:55]}  c6 {[%clk 1:31:51]} 7. O-O {[%clk 1:26:00]}  Bd6 {[%clk 1:32:14]} 8. Ne5 {[%clk 1:14:42]}  O-O {[%clk 1:24:32]} 9. f4 {[%clk 1:11:17]}  c5 {[%clk 1:21:13]} 10. dxc5 {[%clk 0:41:40]}  Bxc5+ {[%clk 1:21:33]} 11. Kh1 {[%clk 0:41:54]}  a6 {[%clk 1:08:20]} 12. Bf3 {[%clk 0:34:03]}  d4 {[%clk 1:05:55]} 13. Ne4 {[%clk 0:33:22]}  Ba7 {[%clk 1:05:29]} 14. b3 {[%clk 0:25:35]}  Nd5 {[%clk 1:03:57]} 15. Qd2 {[%clk 0:21:50]}  Ne3 {[%clk 0:38:27]} 16. Re1 {[%clk 0:19:43]}  Qc7 {[%clk 0:38:10]} 17. Ba3 {[%clk 0:16:25]}  Rd8 {[%clk 0:32:35]} 18. Rac1 {[%clk 0:16:17]}  f6 {[%clk 0:22:50]} 19. Nd3 {[%clk 0:15:18]}  Nc6 {[%clk 0:21:28]} 20. g3 {[%clk 0:06:56]}  Nd5 {[%clk 0:13:56]} 21. Bc5 {[%clk 0:05:00]}  b6 {[%clk 0:12:10]} 22. Ba3 {[%clk 0:05:15]}  Bb7 {[%clk 0:10:40]} 23. c3 {[%clk 0:04:20]}  f5 {[%clk 0:10:57]} 24. Nef2 {[%clk 0:04:36]}  Nxc3 {[%clk 0:09:50]} 25. Bg2 {[%clk 0:04:32]}  Re8 {[%clk 0:07:09]} 26. Kg1 {[%clk 0:04:09]}  Qd7 {[%clk 0:06:54]} 27. Ne5 {[%clk 0:03:49]}  Nxe5 {[%clk 0:06:58]} 28. Bxb7 {[%clk 0:04:18]}  Qxb7 {[%clk 0:06:45]} 29. fxe5 {[%clk 0:04:34]}  b5 {[%clk 0:06:28]} 30. Nd3 {[%clk 0:04:45]}  Rac8 {[%clk 0:04:18]} 31. Qf4 {[%clk 0:03:08]}  Qf7 {[%clk 0:03:47]} 32. h4 {[%clk 0:02:42]}  Re6 {[%clk 0:03:35]} 33. Rc2 {[%clk 0:02:43]}  Qh5 {[%clk 0:02:17]} 34. Rf2 {[%clk 0:02:10]}  g6 {[%clk 0:02:20]} 35. Kh2 {[%clk 0:02:30]}  Nd5 {[%clk 0:02:15]} 36. Qd2 {[%clk 0:02:51]}  Ne3 {[%clk 0:01:24]} 37. Nf4 {[%clk 0:02:20]}  Rc2 {[%clk 0:00:52]} 38. Nxh5 {[%clk 0:01:06]}  Rxd2 {[%clk 0:01:16]} 39. Rxd2 {[%clk 0:01:32]}  gxh5 {[%clk 0:01:24]} 40. Bd6 {[%clk 0:01:01]}  Bb6 {[%clk 0:00:40]} 41. Rc1 {[%clk 0:26:20]}  Rg6 {[%clk 0:29:39]} 42. Kh3 {[%clk 0:25:19]}  f4 {[%clk 0:28:48]} 43. gxf4 {[%clk 0:24:32]}  Kf7 {[%clk 0:28:31]} 44. Bc5 {[%clk 0:18:44]}  Bd8 {[%clk 0:22:02]} 45. Rxd4 {[%clk 0:16:55]}  Bxh4 {[%clk 0:20:56]} 46. Rd7+ {[%clk 0:15:27]}  Ke8 {[%clk 0:20:52]} 47. Bxe3 {[%clk 0:15:43]} 1-0

[Event "Masters Tournament (MTO)"]
[Site "Biel, CH"]
[Date "2025.07.22"]
[Round "8"]
[White "Snodgrass, Benjamin"]
[Black "Marcenaro, Alessandro"]
[Result "1-0"]
[Board "53"]
[WhiteFideId "30915422"]
[BlackFideId "28554094"]
[WhiteElo "1964"]
[BlackElo "2160"]
[WhiteTeam "USA"]
[BlackTeam "ITA"]
[WhiteClock "0:20:25"]
[BlackClock "0:19:16"]
[Variant "Standard"]

1. e4 {[%clk 1:40:56]}  c6 {[%clk 1:40:44]} 2. d4 {[%clk 1:41:16]}  d5 {[%clk 1:41:05]} 3. e5 {[%clk 1:41:37]}  c5 {[%clk 1:41:25]} 4. Nf3 {[%clk 1:41:29]}  cxd4 {[%clk 1:41:36]} 5. Nxd4 {[%clk 1:41:36]}  Nc6 {[%clk 1:40:44]} 6. c4 {[%clk 1:40:23]}  e6 {[%clk 1:33:18]} 7. Nc3 {[%clk 1:25:25]}  Bc5 {[%clk 1:16:09]} 8. Nxc6 {[%clk 1:09:33]}  bxc6 {[%clk 1:11:02]} 9. cxd5 {[%clk 1:01:20]}  cxd5 {[%clk 1:32:15]} 10. Bd3 {[%clk 0:56:54]}  Ne7 {[%clk 1:27:28]} 11. O-O {[%clk 0:55:08]}  Ng6 {[%clk 1:22:48]} 12. Qh5 {[%clk 0:51:34]}  O-O {[%clk 1:12:57]} 13. Kh1 {[%clk 0:47:50]}  f6 {[%clk 1:01:11]} 14. exf6 {[%clk 0:47:36]}  Qxf6 {[%clk 0:49:15]} 15. Bg5 {[%clk 0:31:25]}  Qf7 {[%clk 0:44:48]} 16. f4 {[%clk 0:30:36]}  Rb8 {[%clk 0:40:01]} 17. Rf3 {[%clk 0:28:16]}  e5 {[%clk 0:34:24]} 18. fxe5 {[%clk 0:25:17]}  Qe6 {[%clk 0:30:45]} 19. Rh3 {[%clk 0:23:13]}  Rf2 {[%clk 0:26:24]} 20. Qxh7+ {[%clk 0:22:57]}  Kf7 {[%clk 0:26:46]} 21. Bf6 {[%clk 0:21:27]}  Nf8 {[%clk 0:21:52]} 22. Qxg7+ {[%clk 0:20:55]}  Ke8 {[%clk 0:21:19]} 23. Rh8 {[%clk 0:18:47]}  Be7 {[%clk 0:19:16]} 24. Rxf8+ {[%clk 0:20:25]} 1-0

[Event "Masters Tournament (MTO)"]
[Site "Biel, CH"]
[Date "2025.07.23"]
[Round "9"]
[White "Karthikeyan, Murali"]
[Black "Karthik Venkataraman"]
[Result "1/2-1/2"]
[Board "1"]
[WhiteFideId "5074452"]
[BlackFideId "25006479"]
[WhiteTitle "GM"]
[BlackTitle "GM"]
[WhiteElo "2650"]
[BlackElo "2540"]
[WhiteTeam "IND"]
[BlackTeam "IND"]
[WhiteClock "0:35:25"]
[BlackClock "1:27:13"]
[Variant "Standard"]

1. e4 {[%clk 1:40:55]}  e5 {[%clk 1:40:19]} 2. Nf3 {[%clk 1:41:17]}  Nc6 {[%clk 1:40:45]} 3. Bb5 {[%clk 1:41:32]}  Nf6 {[%clk 1:38:31]} 4. O-O {[%clk 1:37:52]}  Nxe4 {[%clk 1:41:26]} 5. Re1 {[%clk 1:38:09]}  Nd6 {[%clk 1:41:47]} 6. a4 {[%clk 1:35:32]}  Be7 {[%clk 1:41:59]} 7. Nc3 {[%clk 1:35:50]}  a6 {[%clk 1:42:09]} 8. Bf1 {[%clk 1:36:08]}  e4 {[%clk 1:42:27]} 9. Nxe4 {[%clk 1:36:33]}  Nxe4 {[%clk 1:42:52]} 10. Rxe4 {[%clk 1:36:56]}  d5 {[%clk 1:42:42]} 11. Re1 {[%clk 1:37:19]}  d4 {[%clk 1:43:40]} 12. Bd3 {[%clk 1:34:38]}  Be6 {[%clk 1:44:01]} 13. Be4 {[%clk 1:34:44]}  Bd5 {[%clk 1:44:24]} 14. d3 {[%clk 1:34:21]}  O-O {[%clk 1:43:53]} 15. Bf4 {[%clk 1:33:20]}  Bb4 {[%clk 1:18:57]} 16. Re2 {[%clk 1:17:44]}  Bxe4 {[%clk 1:43:33]} 17. Rxe4 {[%clk 0:55:21]}  Qd7 {[%clk 1:24:23]} 18. Bd2 {[%clk 0:47:38]}  Bd6 {[%clk 1:32:36]} 19. Qf1 {[%clk 0:39:41]}  Rae8 {[%clk 1:29:23]} 20. Rae1 {[%clk 0:36:45]}  f5 {[%clk 1:27:13]} 21. Rxe8 {[%clk 0:35:25]} 1/2-1/2

[Event "Masters Tournament (MTO)"]
[Site "Biel, CH"]
[Date "2025.07.23"]
[Round "9"]
[White "Dau Khuong Duy"]
[Black "Bok, Benjamin"]
[Result "0-1"]
[Board "2"]
[WhiteFideId "12424722"]
[BlackFideId "1017063"]
[WhiteTitle "IM"]
[BlackTitle "GM"]
[WhiteElo "2456"]
[BlackElo "2593"]
[WhiteTeam "VIE"]
[BlackTeam "NED"]
[WhiteClock "0:18:48"]
[BlackClock "0:00:43"]
[Variant "Standard"]

1. e4 {[%clk 1:40:55]}  e5 {[%clk 1:37:38]} 2. Nf3 {[%clk 1:41:15]}  Nc6 {[%clk 1:38:03]} 3. Bb5 {[%clk 1:41:40]}  a6 {[%clk 1:38:29]} 4. Ba4 {[%clk 1:42:04]}  Nf6 {[%clk 1:38:46]} 5. O-O {[%clk 1:42:16]}  Be7 {[%clk 1:39:05]} 6. d3 {[%clk 1:41:12]}  d6 {[%clk 1:38:57]} 7. c3 {[%clk 1:39:09]}  O-O {[%clk 1:39:04]} 8. Re1 {[%clk 1:38:39]}  Re8 {[%clk 1:39:13]} 9. Nbd2 {[%clk 1:37:46]}  Bf8 {[%clk 1:38:03]} 10. Nf1 {[%clk 1:35:06]}  h6 {[%clk 1:28:47]} 11. Ng3 {[%clk 1:32:59]}  b5 {[%clk 1:28:04]} 12. Bc2 {[%clk 1:32:38]}  d5 {[%clk 1:01:53]} 13. h3 {[%clk 1:07:55]}  Bb7 {[%clk 0:59:15]} 14. Be3 {[%clk 1:05:20]}  Nb8 {[%clk 1:10:42]} 15. exd5 {[%clk 0:44:51]}  Qxd5 {[%clk 0:58:18]} 16. Ne4 {[%clk 0:44:02]}  Nbd7 {[%clk 0:54:24]} 17. Nxf6+ {[%clk 0:38:39]}  Nxf6 {[%clk 0:54:40]} 18. Bb3 {[%clk 0:38:22]}  Qc6 {[%clk 0:51:16]} 19. d4 {[%clk 0:38:13]}  Rad8 {[%clk 0:49:49]} 20. Qc2 {[%clk 0:08:16]}  exd4 {[%clk 0:25:53]} 21. Bxd4 {[%clk 0:27:50]}  Ne4 {[%clk 0:24:11]} 22. Be3 {[%clk 0:26:25]}  Qf6 {[%clk 0:14:55]} 23. Rad1 {[%clk 0:25:22]}  c5 {[%clk 0:12:15]} 24. Rxd8 {[%clk 0:25:29]}  Rxd8 {[%clk 0:11:52]} 25. Qe2 {[%clk 0:24:30]}  Re8 {[%clk 0:11:12]} 26. Rd1 {[%clk 0:22:13]}  Nd6 {[%clk 0:09:34]} 27. Nh2 {[%clk 0:14:49]}  c4 {[%clk 0:08:29]} 28. Bc2 {[%clk 0:15:12]}  Nf5 {[%clk 0:08:44]} 29. Bxf5 {[%clk 0:13:48]}  Qxf5 {[%clk 0:09:12]} 30. Nf1 {[%clk 0:13:59]}  Qe4 {[%clk 0:05:29]} 31. Qg4 {[%clk 0:13:59]}  Qc6 {[%clk 0:04:45]} 32. Nh2 {[%clk 0:11:35]}  Re6 {[%clk 0:03:38]} 33. Qf3 {[%clk 0:09:20]}  Qc8 {[%clk 0:03:05]} 34. Qh5 {[%clk 0:08:59]}  Rd6 {[%clk 0:00:39]} 35. Bd4 {[%clk 0:04:46]}  Qe6 {[%clk 0:00:54]} 36. Qg4 {[%clk 0:04:13]}  Qe8 {[%clk 0:00:51]} 37. Qf4 {[%clk 0:02:08]}  Rg6 {[%clk 0:00:48]} 38. Ng4 {[%clk 0:02:13]}  Bd6 {[%clk 0:00:39]} 39. Qe3 {[%clk 0:01:09]}  Re6 {[%clk 0:00:35]} 40. Qc1 {[%clk 0:00:48]}  f5 {[%clk 0:00:37]} 41. Ne3 {[%clk 0:27:41]}  Qg6 {[%clk 0:18:05]} 42. f3 {[%clk 0:20:38]}  Bxf3 {[%clk 0:08:03]} 43. Rd2 {[%clk 0:24:09]}  f4 {[%clk 0:07:07]} 44. Nf5 {[%clk 0:19:05]}  Qxf5 {[%clk 0:04:42]} 45. gxf3 {[%clk 0:19:29]}  Qxh3 {[%clk 0:04:06]} 46. Rg2 {[%clk 0:19:52]}  Be5 {[%clk 0:04:00]} 47. Bxe5 {[%clk 0:19:50]}  Rxe5 {[%clk 0:04:29]} 48. Qxf4 {[%clk 0:20:07]}  Re1+ {[%clk 0:03:46]} 49. Kf2 {[%clk 0:20:32]}  Re2+ {[%clk 0:04:47]} 50. Kxe2 {[%clk 0:20:58]}  Qxg2+ {[%clk 0:05:15]} 51. Ke3 {[%clk 0:20:42]}  Qxb2 {[%clk 0:05:17]} 52. Qe5 {[%clk 0:20:48]}  Qc1+ {[%clk 0:03:11]} 53. Ke2 {[%clk 0:19:23]}  Qc2+ {[%clk 0:03:09]} 54. Ke3 {[%clk 0:19:35]}  Qd3+ {[%clk 0:02:51]} 55. Kf2 {[%clk 0:20:00]}  Kh7 {[%clk 0:01:14]} 56. a3 {[%clk 0:19:05]}  Qd2+ {[%clk 0:01:31]} 57. Kf1 {[%clk 0:20:36]}  Qc2 {[%clk 0:01:15]} 58. f4 {[%clk 0:20:29]}  Qg6 {[%clk 0:01:04]} 59. Kf2 {[%clk 0:19:26]}  h5 {[%clk 0:01:21]} 60. f5 {[%clk 0:18:23]}  Qf6 {[%clk 0:01:17]} 61. Qe4 {[%clk 0:17:48]}  g6 {[%clk 0:00:03]} 62. Ke2 {[%clk 0:16:57]}  Qxf5 {[%clk 0:00:51]} 63. Qb7+ {[%clk 0:17:10]}  Kh6 {[%clk 0:01:20]} 64. Qxa6 {[%clk 0:17:33]}  Qc2+ {[%clk 0:00:57]} 65. Kf1 {[%clk 0:17:55]}  Qxc3 {[%clk 0:00:39]} 66. Qxb5 {[%clk 0:18:19]}  Qd3+ {[%clk 0:00:38]} 67. Kg1 {[%clk 0:17:52]}  Qd4+ {[%clk 0:00:43]} 68. Kf1 {[%clk 0:18:09]}  Qf4+ {[%clk 0:00:44]} 69. Ke2 {[%clk 0:18:17]}  Qe4+ {[%clk 0:00:49]} 70. Kd2 {[%clk 0:18:00]}  Qd3+ {[%clk 0:00:57]} 71. Ke1 {[%clk 0:18:34]}  Qe3+ {[%clk 0:00:51]} 72. Kf1 {[%clk 0:18:34]}  c3 {[%clk 0:00:35]} 73. Qb8 {[%clk 0:18:48]}  Qc1+ {[%clk 0:00:43]} 0-1